000 00370nam a22000977a 4500
100 _aभानावत,डॉ. महेन्‍द्र
_980328
245 _aराजस्‍थान के थापे
260 _aजोधपुर
_bभारतीय लोक कला मण्‍डल
_c2019
650 _aसंस्‍कृति
_980329
942 _cHIN
999 _c63727
_d63727